[Event "Madrid San Viator op 23rd"]
[Site "Madrid"]
[Date "2014.11.16"]
[Round "8"]
[White "Santos, Mario"]
[Black "Sanz Soriano, Ruben"]
[Result "1-0"]
[WhiteElo "1426"]
[BlackElo "1304"]
[PlyCount "73"]
[EventDate "2014.09.28"]
[EventType "swiss"]
[EventRounds "9"]
[EventCountry "ESP"]
[SourceTitle "EXT 2016"]
[Source "ChessBase"]
[SourceDate "2015.10.08"]
[SourceVersion "1"]
[SourceVersionDate "2015.10.08"]
[SourceQuality "1"]

1. e4 e5 2. Nf3 d6 3. Bc4 Nf6 4. d3 Be7 5. 0-0 Bg4 6. h3 Bh5 7. Nbd2 Nc6 8. c3 0-0 9. Re1 a6 10. Nf1 Re8 11. Ng3 b5 12. Bb3 Na5 13. Bc2 c5 14. Nxh5 Nxh5 15. Nxe5 dxe5 16. Qxh5 c4 17. Rd1 Bc5 18. dxc4 Qb6 19. Qf3 bxc4 20. b4 cxb3 21. axb3 Nxb3 22. Rb1 Qa7 23. Bxb3 Rab8 24. Qf5 Rf8 25. Rb2 Ba3 26. Rd7 Qa8 27. Bxf7+ Kh8 28. Rxb8 Qxb8 29. Bxa3 Qb1+ 30. Kh2 Qb8 31. Bxf8 Qxf8 32. Qxe5 h6 33. Qe8 Qxe8 34. Bxe8 a5 35. Rd8 Kh7 36. Ra8 Kh8 37. Bg6# 1-0

[Event "Madrid San Viator op 23rd"]
[Site "Madrid"]
[Date "2014.11.09"]
[Round "7"]
[White "Sanz Soriano, Ruben"]
[Black "Gallego Romero, Manuel"]
[Result "0-1"]
[WhiteElo "1304"]
[BlackElo "1500"]
[PlyCount "50"]
[EventDate "2014.09.28"]
[EventType "swiss"]
[EventRounds "9"]
[EventCountry "ESP"]
[SourceTitle "EXT 2016"]
[Source "ChessBase"]
[SourceDate "2015.10.08"]
[SourceVersion "1"]
[SourceVersionDate "2015.10.08"]
[SourceQuality "1"]

1. e4 e5 2. Nf3 d6 3. d4 exd4 4. Nxd4 Nf6 5. Nc3 Be7 6. Bd3 0-0 7. 0-0 h6 8. Bf4 Re8 9. Re1 Bf8 10. Qd2 Bd7 11. Rad1 a6 12. e5 Nh7 13. Nf5 Bxf5 14. Bxf5 Nc6 15. Nd5 dxe5 16. h3 Nf6 17. Nxf6+ Qxf6 18. Bd7 Rad8 19. Bxe8 Rxd2 20. Rxd2 Qxf4 21. Rde2 Bd6 22. g3 Qf5 23. Kg2 Nd4 24. g4 Qf3+ 25. Kf1 Qh1# 0-1

[Event "Madrid San Viator op 23rd"]
[Site "Madrid"]
[Date "2014.10.26"]
[Round "5"]
[White "Sanz Soriano, Ruben"]
[Black "Enriquez Pastor, Jorge"]
[Result "0-1"]
[WhiteElo "1304"]
[BlackElo "1445"]
[PlyCount "122"]
[EventDate "2014.09.28"]
[EventType "swiss"]
[EventRounds "9"]
[EventCountry "ESP"]
[SourceTitle "EXT 2016"]
[Source "ChessBase"]
[SourceDate "2015.10.08"]
[SourceVersion "1"]
[SourceVersionDate "2015.10.08"]
[SourceQuality "1"]

1. e4 c6 2. Nc3 d5 3. d4 dxe4 4. Nxe4 Bf5 5. Nc3 Nf6 6. Nf3 e6 7. Be2 Be7 8. 0-0 Nbd7 9. Bf4 Nd5 10. Nxd5 cxd5 11. c4 dxc4 12. Bxc4 0-0 13. d5 Nb6 14. Qc1 Nxd5 15. Rd1 Qa5 16. Bd2 Qb6 17. Bxd5 exd5 18. Be3 Qc6 19. Ne5 Qxc1 20. Raxc1 Be6 21. Rc7 Bf6 22. Bd4 b6 23. Nd7 Bxd7 24. Bxf6 Be6 25. Be7 Rfc8 26. Rxc8+ Rxc8 27. h3 h5 28. g4 hxg4 29. hxg4 Rc2 30. Ba3 Bxg4 31. Rxd5 Be6 32. Rd8+ Kh7 33. Ra8 Bxa2 34. Rxa7 Bd5 35. Ra6 Rc6 36. b4 Rg6+ 37. Kf1 Bc4+ 38. Ke1 Bxa6 39. Bb2 Rg1+ 40. Kd2 Rg2 41. Ke3 f5 42. Be5 g5 43. f3 Re2+ 44. Kd4 Rxe5 45. Kxe5 Kg6 46. Kd4 Be2 47. Ke3 Bd1 48. Kd2 Bxf3 49. Ke3 Bc6 50. Kf2 f4 51. Kg1 Kf5 52. Kf2 Ke4 53. Kg1 Ke3 54. Kf1 f3 55. Kg1 Ke2 56. Kh2 f2 57. Kg3 f1Q 58. Kg4 Qf4+ 59. Kh3 Bd7+ 60. Kg2 Qf2+ 61. Kh1 Bc6# 0-1

[Event "Madrid San Viator op 23rd"]
[Site "Madrid"]
[Date "2014.10.05"]
[Round "2"]
[White "Sanz Soriano, Ruben"]
[Black "Cabo, Cesar"]
[Result "0-1"]
[WhiteElo "1304"]
[BlackElo "1404"]
[PlyCount "130"]
[EventDate "2014.09.28"]
[EventType "swiss"]
[EventRounds "9"]
[EventCountry "ESP"]
[SourceTitle "EXT 2016"]
[Source "ChessBase"]
[SourceDate "2015.10.08"]
[SourceVersion "1"]
[SourceVersionDate "2015.10.08"]
[SourceQuality "1"]

1. e4 c6 2. d4 d5 3. Nc3 dxe4 4. Nxe4 Bf5 5. Nc5 Qc7 6. Nf3 Nd7 7. Nxd7 Bxd7 8. Be2 e6 9. 0-0 Nf6 10. Ne5 Bd6 11. f4 0-0 12. c4 c5 13. d5 Bxe5 14. fxe5 Qxe5 15. dxe6 Bxe6 16. Qe1 Qd4+ 17. Qf2 Qxf2+ 18. Rxf2 Rad8 19. Bg5 Ne4 20. Bxd8 Nxf2 21. Kxf2 Rxd8 22. a4 h6 23. b3 Bf5 24. a5 Bc2 25. a6 b6 26. h3 Bxb3 27. Rb1 Bc2 28. Rb2 Bf5 29. Ke3 Re8+ 30. Kf4 Be6 31. Rd2 Bc8 32. g4 Bxa6 33. Rd7 Rxe2 34. Rxa7 Bxc4 35. Rb7 Re6 36. Rb8+ Kh7 37. Rb7 Rf6+ 38. Ke5 Bf1 39. h4 Bh3 40. g5 hxg5 41. hxg5 Rf5+ 42. Kd6 Rxg5 43. Rxf7 c4 44. Rc7 b5 45. Rc5 Rg6+ 46. Kd5 Rb6 47. Kd4 Be6 48. Kc3 b4+ 49. Kb2 c3+ 50. Kc2 b3+ 51. Kxc3 b2 52. Rh5+ Kg6 53. Rh1 b1Q 54. Rxb1 Rxb1 55. Kc2 Rb8 56. Kd3 Rf8 57. Ke4 Kh6 58. Ke3 g5 59. Ke2 g4 60. Ke1 g3 61. Ke2 g2 62. Ke1 g1Q+ 63. Ke2 Qg3 64. Kd2 Rf2+ 65. Ke1 Qg1# 0-1